[Event "Montcalm op 5 2016-17"]
[Site "Quebec CAN"]
[Date "2017.03.16"]
[Round "5"]
[White "Dube, Daniel"]
[Black "Pare, Marc"]
[Result "0-1"]
[WhiteElo "1851"]
[BlackElo "2080"]
[WhiteFideId "-1"]
[WhiteFideId "-1"]
[PlyCount "76"]
[GameId "2160767908478491"]
[EventDate "2017.02.16"]
[EventType "swiss"]
[EventRounds "5"]
[EventCountry "CAN"]
[SourceTitle "EXT 2022"]
[Source "ChessBase"]
[SourceDate "2021.10.06"]
[SourceVersion "1"]
[SourceVersionDate "2021.10.06"]
[SourceQuality "1"]

1. d4 Nf6 2. c4 e6 3. Nc3 b6 4. e4 Bb7 5. e5 Ne4 6. Nxe4 Bxe4 7. Nf3 Bxf3 8. gxf3 Nc6 9. f4 Bb4+ 10. Bd2 Qe7 11. a3 Bxd2+ 12. Qxd2 O-O 13. b4 Rad8 14. Bg2 d5 15. cxd5 exd5 16. O-O Qd7 17. Rfc1 Ne7 18. Rc3 c6 19. Bh3 f5 20. exf6 Nf5 21. fxg7 Qxg7+ 22. Kh1 Qxd4 23. Rg1+ Kh8 24. Rd3 Qf6 25. Bxf5 Qxf5 26. Rdg3 d4 27. h3 Rf7 28. Rg4 Qe4+ 29. Kh2 c5 30. Re1 Qd5 31. Re5 Qd6 32. bxc5 bxc5 33. Qa2 Rxf4 34. Qe6 Qxe6 35. Rxe6 Rxg4 36. hxg4 d3 37. Re1 d2 38. Rd1 c4 0-1

[Event "Montcalm op 5 2016-17"]
[Site "Quebec CAN"]
[Date "2017.03.16"]
[Round "5"]
[White "Dube, Dominic"]
[Black "Stoyanova, Stela"]
[Result "1-0"]
[WhiteElo "1904"]
[BlackElo "1558"]
[WhiteFideId "-1"]
[WhiteFideId "-1"]
[PlyCount "35"]
[GameId "2160767908478492"]
[EventDate "2017.02.16"]
[EventType "swiss"]
[EventRounds "5"]
[EventCountry "CAN"]
[SourceTitle "EXT 2022"]
[Source "ChessBase"]
[SourceDate "2021.10.06"]
[SourceVersion "1"]
[SourceVersionDate "2021.10.06"]
[SourceQuality "1"]

1. e4 c6 2. Nf3 e6 3. d4 Nf6 4. Bg5 Be7 5. Nbd2 d5 6. e5 Ne4 7. Bxe7 Qxe7 8. Nxe4 dxe4 9. Nd2 Qb4 10. c3 Qxb2 11. Nxe4 O-O 12. a4 Qb6 13. Bd3 Qd8 14. Qh5 h6 15. g4 f5 16. exf6 Rxf6 17. Nxf6+ Qxf6 18. Qe8+ 1-0

[Event "Montcalm op 5 2016-17"]
[Site "Quebec CAN"]
[Date "2017.03.16"]
[Round "5"]
[White "Ripoll, Arthur"]
[Black "Hines, Jason"]
[Result "0-1"]
[WhiteElo "1691"]
[BlackElo "1427"]
[WhiteFideId "-1"]
[WhiteFideId "-1"]
[PlyCount "70"]
[GameId "2160767908478494"]
[EventDate "2017.02.16"]
[EventType "swiss"]
[EventRounds "5"]
[EventCountry "CAN"]
[SourceTitle "EXT 2022"]
[Source "ChessBase"]
[SourceDate "2021.10.06"]
[SourceVersion "1"]
[SourceVersionDate "2021.10.06"]
[SourceQuality "1"]

1. e4 e5 2. Nf3 Nc6 3. Bc4 Be7 4. d4 exd4 5. O-O d6 6. Nxd4 Ne5 7. Bb3 Nf6 8. f4 Neg4 9. h3 c5 10. hxg4 cxd4 11. g5 Ng4 12. Ba4+ Bd7 13. Bxd7+ Qxd7 14. Qxd4 f6 15. Nc3 Qc7 16. Nd5 Qd7 17. Nxe7 Qxe7 18. Bd2 Rd8 19. Qxa7 Qf7 20. Qa4+ Ke7 21. gxf6+ Qxf6 22. Qb3 Qd4+ 23. Kh1 Qxd2 24. Qg3 h5 25. e5 Rh6 26. exd6+ Rdxd6 27. Rfe1+ Kf8 28. Qa3 Kg8 29. Qf3 Rhf6 30. Rf1 Qxc2 31. Rac1 Qxb2 32. Rc8+ Rf8 33. Rc7 b5 34. Qb7 Rd2 35. Qxb5 Qxb5 0-1

[Event "Montcalm op 6 2016-17"]
[Site "Quebec CAN"]
[Date "2017.03.23"]
[Round "1"]
[White "Dumont, Eric"]
[Black "Lessard, Claude"]
[Result "0-1"]
[WhiteElo "1683"]
[BlackElo "2170"]
[WhiteFideId "-1"]
[WhiteFideId "-1"]
[PlyCount "72"]
[GameId "2160767908478003"]
[EventDate "2017.03.23"]
[EventType "swiss"]
[EventRounds "5"]
[EventCountry "CAN"]
[SourceTitle "EXT 2022"]
[Source "ChessBase"]
[SourceDate "2021.10.06"]
[SourceVersion "1"]
[SourceVersionDate "2021.10.06"]
[SourceQuality "1"]

1. d4 c5 2. c3 Nf6 3. Bf4 e6 4. Nf3 d5 5. e3 Nc6 6. Bd3 Be7 7. h3 O-O 8. Nbd2 cxd4 9. exd4 Bd6 10. Ne5 Qc7 11. Ndf3 Ne4 12. Bh2 f6 13. Nxc6 Bxh2 14. Nxa7 Nxf2 15. Kxf2 Bg3+ 16. Ke2 Rxa7 17. Qc2 f5 18. a3 Bd7 19. Rhf1 h6 20. h4 Be8 21. h5 Bxh5 22. Kd1 Rfa8 23. Bxf5 exf5 24. Qxf5 Qf7 25. Qh3 Qg6 26. Kc1 Bf4+ 27. Nd2 Bxd2+ 28. Kxd2 Qg5+ 29. Kc2 Bg6+ 30. Kb3 Ra6 31. Qd7 Rb6+ 32. Ka2 Bd3 33. Rf2 Bc4+ 34. Kb1 Qg6+ 35. Kc1 Re8 36. g4 Rbe6 0-1

[Event "Montcalm op 6 2016-17"]
[Site "Quebec CAN"]
[Date "2017.03.23"]
[Round "1"]
[White "Hines, Jason"]
[Black "Dube, Daniel"]
[Result "0-1"]
[WhiteElo "1503"]
[BlackElo "1898"]
[WhiteFideId "-1"]
[WhiteFideId "-1"]
[PlyCount "71"]
[GameId "2160767908478004"]
[EventDate "2017.03.23"]
[EventType "swiss"]
[EventRounds "5"]
[EventCountry "CAN"]
[SourceTitle "EXT 2022"]
[Source "ChessBase"]
[SourceDate "2021.10.06"]
[SourceVersion "1"]
[SourceVersionDate "2021.10.06"]
[SourceQuality "1"]

1. e4 c6 2. d4 d5 3. exd5 cxd5 4. Bd3 Nc6 5. Nf3 Bg4 6. c3 Nf6 7. Bg5 e6 8. Qa4 Bxf3 9. gxf3 Be7 10. Bxf6 Bxf6 11. Nd2 O-O 12. O-O-O Qc7 13. Kb1 a6 14. h4 Rfc8 15. Rc1 b5 16. Qd1 Na5 17. Qe2 Re8 18. h5 h6 19. Rcg1 e5 20. Re1 Re7 21. Rhg1 exd4 22. Qf1 Rxe1+ 23. Qxe1 dxc3 24. Qc1 Rc8 25. Nb3 Nxb3 26. axb3 Kf8 27. Bf5 Re8 28. bxc3 Bxc3 29. Qa3+ b4 30. Qxa6 Qe5 31. Bh7 Qe6 32. Qb5 Rc8 33. f4 d4 34. Bf5 Qxb3+ 35. Kc1 Qb2+ 36. Kd1 0-1

[Event "Montcalm op 6 2016-17"]
[Site "Quebec CAN"]
[Date "2017.03.23"]
[Round "1"]
[White "Lapierre, Gaetan"]
[Black "Stoyanova, Stela"]
[Result "1-0"]
[WhiteElo "1937"]
[BlackElo "1624"]
[WhiteFideId "-1"]
[WhiteFideId "-1"]
[PlyCount "65"]
[GameId "2160767908478005"]
[EventDate "2017.03.23"]
[EventType "swiss"]
[EventRounds "5"]
[EventCountry "CAN"]
[SourceTitle "EXT 2022"]
[Source "ChessBase"]
[SourceDate "2021.10.06"]
[SourceVersion "1"]
[SourceVersionDate "2021.10.06"]
[SourceQuality "1"]

1. d4 Nf6 2. c4 g6 3. Nc3 Bg7 4. e4 d6 5. Be2 O-O 6. Nf3 Ne8 7. Be3 Nc6 8. d5 Nb8 9. Qd2 c5 10. Bh6 f5 11. Bxg7 Kxg7 12. h4 f4 13. h5 h6 14. hxg6 e5 15. dxe6 Bxe6 16. Nd5 Nc6 17. Nxf4 Rxf4 18. Qxf4 Qf6 19. Qxh6+ Kg8 20. Ng5 Nd4 21. Qh7+ Kf8 22. Nxe6+ Nxe6 23. Qxb7 N6c7 24. O-O-O Kg7 25. Rh7+ Kxg6 26. Rdh1 Qg5+ 27. Kb1 Qd2 28. Bh5+ Kg5 29. Bxe8 Qd3+ 30. Ka1 Rxe8 31. Qxc7 Rxe4 32. Rg7+ Kf4 33. Rh4+ 1-0

[Event "Montcalm op 6 2016-17"]
[Site "Quebec CAN"]
[Date "2017.03.23"]
[Round "1"]
[White "Pare, Marc"]
[Black "Genest, Dominic"]
[Result "1/2-1/2"]
[WhiteElo "2090"]
[BlackElo "1670"]
[WhiteFideId "-1"]
[WhiteFideId "-1"]
[PlyCount "71"]
[GameId "2160767908478006"]
[EventDate "2017.03.23"]
[EventType "swiss"]
[EventRounds "5"]
[EventCountry "CAN"]
[SourceTitle "EXT 2022"]
[Source "ChessBase"]
[SourceDate "2021.10.06"]
[SourceVersion "1"]
[SourceVersionDate "2021.10.06"]
[SourceQuality "1"]

1. e4 c5 2. c3 d5 3. exd5 Qxd5 4. d4 cxd4 5. cxd4 Nf6 6. Nc3 Qd8 7. Nf3 e6 8. Bd3 Nc6 9. O-O Bd6 10. a3 O-O 11. Bg5 b6 12. Re1 Bb7 13. Bxf6 Qxf6 14. Ne4 Qd8 15. Nfg5 h6 16. Qh5 Bf4 17. h4 Qxd4 18. Rad1 Qxb2 19. Qg4 f5 20. Qxf4 fxe4 21. Qxe4 Qxf2+ 22. Kh1 Qf5 23. Qc4 b5 24. Bxf5 bxc4 25. Bxe6+ Kh8 26. Nf7+ Kh7 27. Bxc4 Nd8 28. Nd6 Bc6 29. Rd2 Nb7 30. Nxb7 Bxb7 31. Rd7 Bc6 32. Rd6 Rac8 33. Ree6 Bxg2+ 34. Kxg2 Rxc4 35. Re7 Rc2+ 36. Kg1 1/2-1/2

[Event "Montcalm op 6 2016-17"]
[Site "Quebec CAN"]
[Date "2017.03.30"]
[Round "2"]
[White "Dube, Daniel"]
[Black "Lamontagne, Danny"]
[Result "1-0"]
[WhiteElo "1936"]
[BlackElo "1864"]
[WhiteFideId "-1"]
[WhiteFideId "-1"]
[PlyCount "85"]
[GameId "2160767908478007"]
[EventDate "2017.03.23"]
[EventType "swiss"]
[EventRounds "5"]
[EventCountry "CAN"]
[SourceTitle "EXT 2022"]
[Source "ChessBase"]
[SourceDate "2021.10.06"]
[SourceVersion "1"]
[SourceVersionDate "2021.10.06"]
[SourceQuality "1"]

1. d4 Nf6 2. Nf3 g6 3. Bg5 Bg7 4. Nbd2 d5 5. c3 Nbd7 6. e3 c5 7. Be2 O-O 8. h3 Re8 9. O-O h6 10. Bf4 Ne4 11. Nxe4 dxe4 12. Ne5 Nxe5 13. dxe5 g5 14. Bh2 Qb6 15. Qc2 Bf5 16. Qb3 Qxb3 17. axb3 Red8 18. Rfd1 a6 19. Kf1 Kf8 20. Ke1 Ke8 21. g4 Be6 22. Bc4 Bxc4 23. bxc4 Rd3 24. Rxd3 exd3 25. Kd2 Rd8 26. Ra5 b5 27. cxb5 axb5 28. Rxb5 c4 29. Bg3 Rc8 30. b3 cxb3 31. Rxb3 Rc5 32. Kxd3 Bxe5 33. Bxe5 Rxe5 34. Rb6 f6 35. Rb8+ Kd7 36. c4 f5 37. Rb5 Ke6 38. Rxe5+ Kxe5 39. gxf5 h5 40. e4 h4 41. Ke3 e6 42. fxe6 Kxe6 43. Kf3 1-0

[Event "Montcalm op 6 2016-17"]
[Site "Quebec CAN"]
[Date "2017.03.30"]
[Round "2"]
[White "Fecteau, Martin"]
[Black "Cummins, Paul"]
[Result "1/2-1/2"]
[WhiteElo "2019"]
[BlackElo "1723"]
[WhiteFideId "-1"]
[WhiteFideId "-1"]
[PlyCount "82"]
[GameId "2160767908478008"]
[EventDate "2017.03.23"]
[EventType "swiss"]
[EventRounds "5"]
[EventCountry "CAN"]
[SourceTitle "EXT 2022"]
[Source "ChessBase"]
[SourceDate "2021.10.06"]
[SourceVersion "1"]
[SourceVersionDate "2021.10.06"]
[SourceQuality "1"]

1. Nf3 Nf6 2. d4 d5 3. c4 e6 4. g3 c6 5. Bg2 Bd6 6. Nbd2 Nbd7 7. O-O O-O 8. Qc2 e5 9. dxe5 Nxe5 10. Nxe5 Bxe5 11. Nf3 Bd6 12. Rd1 dxc4 13. Bf4 Nd5 14. Bxd6 Qxd6 15. e4 Nb4 16. Qxc4 Qe7 17. a3 Na6 18. b4 Nc7 19. Nd4 Ne6 20. Nf5 Qf6 21. Rac1 Ng5 22. Rd6 Be6 23. Qe2 g6 24. Nd4 Qe7 25. Nxe6 Nxe6 26. Rcd1 Rfd8 27. e5 Ng7 28. Bh3 Rxd6 29. Rxd6 a5 30. Rd7 Qe8 31. b5 Rb8 32. Qc4 cxb5 33. Qxb5 Ne6 34. Bxe6 Qxe6 35. Rd6 Qf5 36. Rf6 Qe4 37. Qxa5 Qb1+ 38. Kg2 Qe4+ 39. Rf3 Re8 40. Qc7 Qd5 41. Qd6 Qxe5 1/2-1/2

[Event "Montcalm op 6 2016-17"]
[Site "Quebec CAN"]
[Date "2017.03.30"]
[Round "2"]
[White "Genest, Dominic"]
[Black "Chabot, Sebastien"]
[Result "1-0"]
[WhiteElo "1670"]
[BlackElo "1232"]
[WhiteFideId "-1"]
[WhiteFideId "-1"]
[PlyCount "75"]
[GameId "2160767908478009"]
[EventDate "2017.03.23"]
[EventType "swiss"]
[EventRounds "5"]
[EventCountry "CAN"]
[SourceTitle "EXT 2022"]
[Source "ChessBase"]
[SourceDate "2021.10.06"]
[SourceVersion "1"]
[SourceVersionDate "2021.10.06"]
[SourceQuality "1"]

1. c4 Nf6 2. g3 e6 3. Bg2 Bc5 4. e3 c6 5. Nf3 d5 6. b3 d4 7. exd4 Bxd4 8. Nxd4 Qxd4 9. Nc3 Ng4 10. O-O e5 11. Ba3 Bf5 12. Bf3 Nf6 13. Re1 Nbd7 14. Ne2 Qd3 15. Nf4 Qd4 16. Bb4 Ne4 17. Bxe4 Bxe4 18. Bc3 Qd6 19. Rxe4 O-O 20. Ng2 Rae8 21. d4 Qg6 22. Qe2 f5 23. Re3 e4 24. Nf4 Qd6 25. Rd1 Rf6 26. d5 Ne5 27. dxc6 Qxc6 28. Bxe5 Rxe5 29. Rd8+ Re8 30. Rxe8+ Qxe8 31. f3 Qe5 32. fxe4 Ra6 33. exf5 Qa1+ 34. Qe1 Qd4 35. Kf1 h6 36. Ng6 h5 37. Re8+ Kh7 38. Rh8# 1-0

[Event "Montcalm op 6 2016-17"]
[Site "Quebec CAN"]
[Date "2017.03.30"]
[Round "2"]
[White "Lessard, Claude"]
[Black "Dube, Dominic"]
[Result "1-0"]
[WhiteElo "2112"]
[BlackElo "1878"]
[WhiteFideId "-1"]
[WhiteFideId "-1"]
[PlyCount "61"]
[GameId "2160767908478010"]
[EventDate "2017.03.23"]
[EventType "swiss"]
[EventRounds "5"]
[EventCountry "CAN"]
[SourceTitle "EXT 2022"]
[Source "ChessBase"]
[SourceDate "2021.10.06"]
[SourceVersion "1"]
[SourceVersionDate "2021.10.06"]
[SourceQuality "1"]

1. d4 c6 2. c4 d5 3. Nc3 Nf6 4. e3 e6 5. Nf3 Be7 6. Bd3 Nbd7 7. O-O Qc7 8. b3 e5 9. cxd5 Nxd5 10. Nxd5 cxd5 11. dxe5 Nxe5 12. Bb5+ Bd7 13. Bxd7+ Nxd7 14. Qxd5 Rd8 15. Bb2 O-O 16. Rac1 Nc5 17. Qc4 Qd7 18. Nd4 Rc8 19. Rfd1 Ne4 20. Qd3 Nc5 21. Qb1 g6 22. Ne2 Qg4 23. Nf4 Rfd8 24. f3 Qg5 25. Ba1 Bf6 26. Rxd8+ Bxd8 27. Qb2 f6 28. b4 Nd3 29. Qb3+ Kh8 30. Rxc8 Ne5 31. Rxd8+ 1-0

[Event "Montcalm op 6 2016-17"]
[Site "Quebec CAN"]
[Date "2017.03.30"]
[Round "2"]
[White "Ripoll, Arthur"]
[Black "Pare, Marc"]
[Result "0-1"]
[WhiteElo "1663"]
[BlackElo "2090"]
[WhiteFideId "-1"]
[WhiteFideId "-1"]
[PlyCount "90"]
[GameId "2160767908478011"]
[EventDate "2017.03.23"]
[EventType "swiss"]
[EventRounds "5"]
[EventCountry "CAN"]
[SourceTitle "EXT 2022"]
[Source "ChessBase"]
[SourceDate "2021.10.06"]
[SourceVersion "1"]
[SourceVersionDate "2021.10.06"]
[SourceQuality "1"]

1. e4 d5 2. exd5 Nf6 3. c4 c6 4. d4 cxd5 5. Nc3 Nc6 6. Nf3 e6 7. c5 Ne4 8. Qc2 f5 9. Bb5 Be7 10. O-O O-O 11. a3 Bf6 12. Bxc6 bxc6 13. Bf4 Ba6 14. Rfe1 g5 15. Be5 g4 16. Bxf6 Rxf6 17. Ne5 Rh6 18. Qc1 Qh4 19. Qf4 Nxf2 20. Qg3 Qxg3 21. hxg3 Nd3 22. Re3 Nxe5 23. Rxe5 Kf7 24. Rae1 Rb8 25. b4 Bd3 26. R5e3 Be4 27. Kf2 e5 28. Nxe4 fxe4 29. dxe5 Ke6 30. Rb3 Kxe5 31. Ke3 d4+ 32. Ke2 Kd5 33. Rf1 Rh2 34. Kf2 Rf8+ 35. Kg1 Rh1+ 36. Kxh1 Rxf1+ 37. Kh2 Kc4 38. Rb2 d3 39. b5 Kxc5 40. a4 Ra1 41. a5 Rxa5 42. Kg1 Rxb5 43. Ra2 a5 44. Kf2 Kd4 45. Kg1 c5 0-1

[Event "Montcalm op 6 2016-17"]
[Site "Quebec CAN"]
[Date "2017.04.06"]
[Round "3"]
[White "Chabot, Sebastien"]
[Black "Ripoll, Arthur"]
[Result "0-1"]
[WhiteElo "1232"]
[BlackElo "1663"]
[WhiteFideId "-1"]
[WhiteFideId "-1"]
[PlyCount "98"]
[GameId "2160767908478012"]
[EventDate "2017.03.23"]
[EventType "swiss"]
[EventRounds "5"]
[EventCountry "CAN"]
[SourceTitle "EXT 2022"]
[Source "ChessBase"]
[SourceDate "2021.10.06"]
[SourceVersion "1"]
[SourceVersionDate "2021.10.06"]
[SourceQuality "1"]

1. d4 d5 2. c4 c6 3. Nf3 Nf6 4. Nc3 e6 5. Bg5 Nbd7 6. e3 Be7 7. Bd3 O-O 8. O-O dxc4 9. Bxc4 b5 10. Bd3 a6 11. a3 c5 12. Ne4 cxd4 13. Nxd4 Bb7 14. Qc2 Rc8 15. Qb1 h6 16. Bh4 Nc5 17. Bxf6 Bxf6 18. b4 Nxd3 19. Qxd3 e5 20. Nxf6+ gxf6 21. Rad1 exd4 22. exd4 Qd5 23. Qg3+ Qg5 24. d5 Rfd8 25. Rd4 Qxg3 26. fxg3 Rxd5 27. Rg4+ Rg5 28. Rd4 Kg7 29. Rdf4 Rc2 30. R4f2 Rxf2 31. Rxf2 Rd5 32. h4 Rd3 33. Kf1 Rxg3 34. h5 Rxa3 35. Rb2 f5 36. Kf2 Kf6 37. Ke2 Bxg2 38. Kd2 Be4 39. Ke2 Rh3 40. Ke1 Rh1+ 41. Kd2 Rh2+ 42. Kc1 Rxb2 43. Kxb2 Ke5 44. Kc3 Bb1 45. Kd2 f4 46. Ke2 Bg6 47. Kd1 Kd4 48. Ke2 Ke4 49. Kd2 f3 0-1

[Event "Montcalm op 6 2016-17"]
[Site "Quebec CAN"]
[Date "2017.04.06"]
[Round "3"]
[White "Cummins, Paul"]
[Black "Dube, Dominic"]
[Result "1-0"]
[WhiteElo "1723"]
[BlackElo "1878"]
[WhiteFideId "-1"]
[WhiteFideId "-1"]
[PlyCount "103"]
[GameId "2160767908478013"]
[EventDate "2017.03.23"]
[EventType "swiss"]
[EventRounds "5"]
[EventCountry "CAN"]
[SourceTitle "EXT 2022"]
[Source "ChessBase"]
[SourceDate "2021.10.06"]
[SourceVersion "1"]
[SourceVersionDate "2021.10.06"]
[SourceQuality "1"]

1. d4 d5 2. c4 e6 3. Nc3 Nf6 4. cxd5 exd5 5. Bg5 Be7 6. e3 c6 7. Bd3 Be6 8. Nge2 Nbd7 9. Nf4 Qb6 10. Qc2 c5 11. Nxe6 fxe6 12. dxc5 Nxc5 13. Bb5+ Kf7 14. O-O Rac8 15. Qe2 h6 16. Bh4 a6 17. Ba4 Nxa4 18. Nxa4 Qb4 19. Bxf6 Bxf6 20. Nc3 Bxc3 21. bxc3 Qxc3 22. Qh5+ g6 23. Qe2 Qc2 24. Qg4 Rc4 25. Qg3 Qf5 26. h3 Rhc8 27. Qd6 Qf6 28. Rab1 R8c7 29. Rb6 Qe7 30. Qg3 R4c6 31. Rb3 b5 32. a4 Rb7 33. Rfb1 Rcb6 34. e4 d4 35. e5 Kg7 36. h4 Qe8 37. Qf4 Qd8 38. h5 Qg5 39. Qxd4 Qxh5 40. Rc3 b4 41. Rf3 Qg5 42. Rf6 Rc6 43. f4 Qg3 44. Qd8 Qe3+ 45. Kh2 Rcc7 46. Rxb4 Qe1 47. Rb3 Ra7 48. Rg3 Kh7 49. Rfxg6 Rg7 50. Qf6 Qxg3+ 51. Rxg3 Rgf7 52. Qg6+ 1-0

[Event "Montcalm op 6 2016-17"]
[Site "Quebec CAN"]
[Date "2017.04.06"]
[Round "3"]
[White "Dube, Daniel"]
[Black "Lessard, Claude"]
[Result "1/2-1/2"]
[WhiteElo "1936"]
[BlackElo "2112"]
[WhiteFideId "-1"]
[WhiteFideId "-1"]
[PlyCount "90"]
[GameId "2160767908478014"]
[EventDate "2017.03.23"]
[EventType "swiss"]
[EventRounds "5"]
[EventCountry "CAN"]
[SourceTitle "EXT 2022"]
[Source "ChessBase"]
[SourceDate "2021.10.06"]
[SourceVersion "1"]
[SourceVersionDate "2021.10.06"]
[SourceQuality "1"]

1. d4 c5 2. d5 d6 3. c4 Nf6 4. Nc3 g6 5. e4 b5 6. cxb5 a6 7. bxa6 Bg7 8. h3 O-O 9. Nf3 Qb6 10. Be2 Bxa6 11. O-O Nbd7 12. Bxa6 Qxa6 13. Re1 Rfb8 14. Re2 Nh5 15. Rc2 Ne5 16. Nxe5 Bxe5 17. g3 Rb4 18. Qe2 Nf6 19. Bg5 Qxe2 20. Rxe2 Rxb2 21. Rxb2 Bxc3 22. Rab1 Bxb2 23. Rxb2 Kg7 24. f3 h6 25. Be3 Ra3 26. Kf2 g5 27. Rc2 Kg6 28. Bc1 Ra4 29. a3 Nd7 30. Bb2 f6 31. Ke2 Kf7 32. Kd2 h5 33. g4 hxg4 34. hxg4 Nf8 35. Kc3 Ng6 36. Kb3 Ra8 37. a4 Ke8 38. Bc3 Kd7 39. a5 Kc7 40. Ka4 Nh4 41. Rf2 Kd7 42. Rf1 Ng6 43. Kb5 Rb8+ 44. Ka4 Ra8 45. Kb5 Rb8+ 1/2-1/2

[Event "Montcalm op 6 2016-17"]
[Site "Quebec CAN"]
[Date "2017.04.06"]
[Round "3"]
[White "Fillion, Jean-Yves"]
[Black "Levesque-Duchesne, Merlin"]
[Result "0-1"]
[WhiteElo "1274"]
[BlackElo "1669"]
[WhiteFideId "-1"]
[WhiteFideId "-1"]
[PlyCount "60"]
[GameId "2160767908478015"]
[EventDate "2017.03.23"]
[EventType "swiss"]
[EventRounds "5"]
[EventCountry "CAN"]
[SourceTitle "EXT 2022"]
[Source "ChessBase"]
[SourceDate "2021.10.06"]
[SourceVersion "1"]
[SourceVersionDate "2021.10.06"]
[SourceQuality "1"]

1. d4 Nf6 2. Nf3 g6 3. c4 Bg7 4. Nc3 d5 5. Bg5 c6 6. e3 O-O 7. Bd3 e6 8. O-O Nbd7 9. Rb1 Qc7 10. Bf4 Qd8 11. Ne5 Nh5 12. Nxd7 Qxd7 13. Be5 f6 14. Bg3 Nxg3 15. fxg3 Qe7 16. h4 f5 17. Kf2 e5 18. Ne2 f4 19. exf4 exf4 20. gxf4 Qxh4+ 21. g3 Qh2+ 22. Ke3 Bg4 23. Kd2 Rae8 24. Qe1 Bxd4 25. Rh1 Qg2 26. Qf1 Qxf1 27. Rhxf1 Bb6 28. Rbc1 Be3+ 29. Kc3 Bxe2 30. Bxe2 Bxc1 0-1

[Event "Montcalm op 6 2016-17"]
[Site "Quebec CAN"]
[Date "2017.04.06"]
[Round "3"]
[White "Kamara, Adama"]
[Black "Dumont, Eric"]
[Result "0-1"]
[WhiteElo "1383"]
[BlackElo "1683"]
[WhiteFideId "-1"]
[WhiteFideId "-1"]
[PlyCount "92"]
[GameId "2160767908478016"]
[EventDate "2017.03.23"]
[EventType "swiss"]
[EventRounds "5"]
[EventCountry "CAN"]
[SourceTitle "EXT 2022"]
[Source "ChessBase"]
[SourceDate "2021.10.06"]
[SourceVersion "1"]
[SourceVersionDate "2021.10.06"]
[SourceQuality "1"]

1. e4 c6 2. d4 d5 3. exd5 cxd5 4. Bd3 Nc6 5. c3 Nf6 6. Bf4 Bg4 7. Qb3 Qb6 8. Nd2 e6 9. h3 Bh5 10. Ngf3 Be7 11. O-O O-O 12. Ne5 Rac8 13. Ndf3 Bd8 14. Nxc6 bxc6 15. Ne5 c5 16. dxc5 Qxc5 17. g4 Bg6 18. Bxg6 fxg6 19. g5 Ne4 20. Nd7 Qe7 21. Nxf8 Qxf8 22. Be3 Bxg5 23. Bxg5 Nxg5 24. c4 Rxc4 25. Rae1 Nf3+ 26. Kg2 Nxe1+ 27. Rxe1 Qc8 28. Qe3 Re4 29. Rc1 Qd8 30. Qg3 e5 31. b3 Rf4 32. Qc3 Qg5+ 33. Kf1 h6 34. a4 Qf6 35. Rc2 Rf3 36. Qc8+ Kh7 37. b4 e4 38. Kg2 Qh4 39. Qg4 Qf6 40. b5 h5 41. Qd7 d4 42. Qxa7 e3 43. Qxd4 Rxf2+ 44. Rxf2 Qxd4 45. Re2 Qxa4 46. b6 Qc6+ 0-1

[Event "Montcalm op 6 2016-17"]
[Site "Quebec CAN"]
[Date "2017.04.06"]
[Round "3"]
[White "Pare, Marc"]
[Black "Auger, Bertrand"]
[Result "1-0"]
[WhiteElo "2058"]
[BlackElo "1945"]
[WhiteFideId "-1"]
[WhiteFideId "-1"]
[PlyCount "125"]
[GameId "2160767908478017"]
[EventDate "2017.03.23"]
[EventType "swiss"]
[EventRounds "5"]
[EventCountry "CAN"]
[SourceTitle "EXT 2022"]
[Source "ChessBase"]
[SourceDate "2021.10.06"]
[SourceVersion "1"]
[SourceVersionDate "2021.10.06"]
[SourceQuality "1"]

1. e4 e6 2. d4 d5 3. e5 c5 4. c3 Qb6 5. Nf3 Nc6 6. Bd3 Nh6 7. dxc5 Bxc5 8. O-O Ng4 9. Qe2 h5 10. h3 Nh6 11. Bf4 Nf5 12. Bxf5 exf5 13. b4 Be7 14. Nbd2 Be6 15. a4 Qd8 16. Nb3 g5 17. Bd2 g4 18. Nfd4 gxh3 19. gxh3 f4 20. Nxe6 fxe6 21. Bxf4 Bg5 22. Bh2 Qc7 23. Nc5 Nd8 24. f4 Be7 25. Qb5+ Qc6 26. Qxc6+ bxc6 27. Nb3 a6 28. Kg2 Kd7 29. Kf3 Nf7 30. Ke3 Nh6 31. Kd3 Raf8 32. Bg1 Rfg8 33. Rf3 Nf5 34. Bf2 Rg2 35. b5 cxb5 36. axb5 axb5 37. Ra7+ Ke8 38. Ra8+ Bd8 39. Nc5 Kf7 40. Nb7 Rgg8 41. Ra7 Kg6 42. Nc5 Bb6 43. Ra6 Bxc5 44. Rxe6+ Kh7 45. Bxc5 Nh4 46. Re7+ Kh6 47. Re6+ Kh7 48. Rf2 Nf5 49. Rb6 Rg3+ 50. Kc2 Rhg8 51. Rxb5 Rxh3 52. Rb7+ Rg7 53. Rb8 Rc7 54. Bb4 d4 55. Rf8 Ne3+ 56. Kc1 d3 57. Rd8 Rh1+ 58. Kd2 Nf1+ 59. Kxd3 Rh3+ 60. Kc2 Ne3+ 61. Kb3 Nf5 62. Rf8 Kg6 63. Rf6+ 1-0

[Event "Montcalm op 6 2016-17"]
[Site "Quebec CAN"]
[Date "2017.04.13"]
[Round "4"]
[White "Auger, Bertrand"]
[Black "Ripoll, Arthur"]
[Result "1/2-1/2"]
[WhiteElo "1945"]
[BlackElo "1663"]
[WhiteFideId "-1"]
[WhiteFideId "-1"]
[PlyCount "156"]
[GameId "2160767908478018"]
[EventDate "2017.03.23"]
[EventType "swiss"]
[EventRounds "5"]
[EventCountry "CAN"]
[SourceTitle "EXT 2022"]
[Source "ChessBase"]
[SourceDate "2021.10.06"]
[SourceVersion "1"]
[SourceVersionDate "2021.10.06"]
[SourceQuality "1"]

1. Nf3 Nf6 2. g3 e6 3. Bg2 Bc5 4. O-O O-O 5. d4 Bb6 6. c4 c6 7. Nc3 d5 8. b3 Ne4 9. Bb2 c5 10. dxc5 Bxc5 11. Na4 Be7 12. Qc2 Bf6 13. Nd4 Bd7 14. cxd5 exd5 15. Nc5 Nxc5 16. Qxc5 Be6 17. Rac1 Na6 18. Qc2 Qb6 19. Qd2 Qb4 20. Bc3 Qb6 21. e3 Qd6 22. Rfd1 Rfd8 23. Qe2 Qe7 24. Nc6 bxc6 25. Bxf6 Qxf6 26. Qxa6 Rdc8 27. Rxc6 Rxc6 28. Qxc6 Rc8 29. Qb5 g6 30. Qe2 Qf5 31. h4 Qc2 32. Qxc2 Rxc2 33. Bxd5 Bxd5 34. Rxd5 Rxa2 35. h5 Kg7 36. g4 Rb2 37. hxg6 hxg6 38. Rb5 a5 39. Kg2 Ra2 40. Kf3 a4 41. b4 Rb2 42. g5 a3 43. Ra5 a2 44. Kg3 a1=Q 45. Rxa1 Rxb4 46. Ra7 Rb5 47. Kg4 Rb1 48. Ra8 Rg1+ 49. Kf4 Rg2 50. f3 Re2 51. e4 Re1 52. Rd8 Rh1 53. Rd7 Kf8 54. Ke5 Ra1 55. Rd5 Ra6 56. Rd6 Ra3 57. f4 Kg7 58. Rd8 Ra5+ 59. Rd5 Ra6 60. f5 gxf5 61. exf5 Ra7 62. Kd6 Ra6+ 63. Ke7 Ra7+ 64. Kd6 Ra6+ 65. Kc5 Ra5+ 66. Kc6 Ra6+ 67. Kb7 Ra1 68. Kc6 Ra6+ 69. Kd7 Ra7+ 70. Ke8 Ra8+ 71. Rd8 Ra5 72. g6 Re5+ 73. Kd7 Rd5+ 74. Ke7 Rxd8 75. gxf7 Ra8 76. f6+ Kg6 77. f8=N+ Rxf8 78. Kxf8 Kxf6 1/2-1/2